[Event "Mindsports Open 5th"]
[Site "London"]
[Date "2025.08.16"]
[Round "6.18"]
[White "Deepak Ambattu, Rithvik"]
[Black "Gurevich, Artem"]
[Result "1-0"]
[WhiteElo "1990"]
[BlackElo "2183"]
[PlyCount "79"]
[EventDate "2025.08.13"]
[EventType "swiss"]
[EventRounds "9"]
[EventCountry "ENG"]
[SourceTitle "BritBase"]
[Source "John Saunders"]
[SourceDate "2025.08.18"]
[SourceVersion "1"]
[SourceVersionDate "2025.08.18"]
[SourceQuality "1"]

1. e4 d5 2. exd5 Nf6 3. Nf3 Nxd5 4. d4 Bg4 5. Be2 e6 6. O-O Be7 7. h3 Bh5 8. c4 Nb6 9. Nc3 O-O 10. Be3 Nc6 11. b3 Bg6 12. Bd3 Bh5 13. Be2 Bg6 14. Qd2 Bf6 15. Rfd1 Qe7 16. Bd3 Rfd8 17. Bxg6 hxg6 18. Ne4 a5 19. Nxf6+ gxf6 20. Qc3 Qb4 21. Qc2 a4 22. Bd2 Qa3 23. Bc3 Kg7 24. g4 Rh8 25. Kg2 Nd7 26. d5 exd5 27. cxd5 Nce5 28. Nxe5 Nxe5 29. b4 c5 30. dxc6 Rac8 31. Rd6 Rxc6 32. Rxc6 Nxc6 33. Qd3 Ne5 34. Qg3 Nc4 35. g5 Rc8 36. Bxf6+ Kf8 37. Qh4 Ke8 38. Re1+ Kd7 39. Re7+ Kd6 40. Qd4+ 1-0

[Event "Mindsports Open 5th"]
[Site "London"]
[Date "2025.08.16"]
[Round "6.19"]
[White "Kovalskyi, Roman"]
[Black "Pal, Rohan"]
[Result "0-1"]
[WhiteElo "2180"]
[BlackElo "1909"]
[PlyCount "116"]
[EventDate "2025.08.13"]
[EventType "swiss"]
[EventRounds "9"]
[EventCountry "ENG"]
[SourceTitle "BritBase"]
[Source "John Saunders"]
[SourceDate "2025.08.18"]
[SourceVersion "1"]
[SourceVersionDate "2025.08.18"]
[SourceQuality "1"]

1. e4 c5 2. Nf3 Nc6 3. d4 cxd4 4. Nxd4 e6 5. Nc3 Qc7 6. Be3 a6 7. Qf3 Nf6 8. O-O-O Ne5 9. Qg3 b5 10. f4 Neg4 11. Bd2 h5 12. Be2 b4 13. Na4 Nxe4 14. Qe1 Ngf2 15. Be3 Nxh1 16. Qxh1 Qa5 17. b3 Nc3 18. Nxc3 bxc3 19. Kb1 Bb7 20. f5 e5 21. Nf3 f6 22. Nh4 d5 23. Ng6 Bc5 24. Bc1 O-O-O 25. Nxh8 Rxh8 26. Bf3 Ba3 27. Qe1 Bxc1 28. Rxc1 e4 29. Be2 d4 30. a4 Qb4 31. Ka2 Bd5 32. Bxa6+ Kc7 33. Qg3+ Kb6 34. Bb5 Ra8 35. Qxg7 Qxb5 36. Qxf6+ Kc7 37. Qe5+ Kd7 38. Qg7+ Kd6 39. Qf6+ Kc5 40. Qe7+ Kb6 41. Qf6+ Bc6 42. Qxd4+ Qc5 43. Qxc5+ Kxc5 44. Rf1 e3 45. f6 Kd4 46. Rd1+ Ke4 47. Rd6 Bd5 48. Rd7 Ke5 49. f7 e2 50. Ka3 e1=Q 51. Re7+ Be6 52. Re8 Qf2 53. Rxa8 Bxf7 54. Ra5+ Bd5 55. Kb4 Qxc2 56. Rc5 Qxb3+ 57. Ka5 c2 58. g4 Qb2 0-1

[Event "Mindsports Open 5th"]
[Site "London"]
[Date "2025.08.16"]
[Round "6.20"]
[White "Lishoy Gengis Paratazham, Dildarav"]
[Black "Storme, Isak"]
[Result "1/2-1/2"]
[WhiteElo "2093"]
[BlackElo "2452"]
[PlyCount "47"]
[EventDate "2025.08.13"]
[EventType "swiss"]
[EventRounds "9"]
[EventCountry "ENG"]
[SourceTitle "BritBase"]
[Source "John Saunders"]
[SourceDate "2025.08.18"]
[SourceVersion "1"]
[SourceVersionDate "2025.08.18"]
[SourceQuality "1"]

1. Nf3 d5 2. g3 Nd7 3. d4 b5 4. Bg2 Ngf6 5. O-O e6 6. b3 Bb7 7. Bb2 Be7 8. Nbd2 O-O 9. c4 bxc4 10. bxc4 c5 11. cxd5 Bxd5 12. Re1 Rb8 13. Bc3 cxd4 14. Bxd4 Nc5 15. e3 a5 16. Ne5 Bxg2 17. Kxg2 Qd5+ 18. Qf3 Rbc8 19. Qxd5 Nxd5 20. Rec1 Rfd8 21. Nb3 Nxb3 22. axb3 Rxc1 23. Rxc1 Ra8 24. Ra1 1/2-1/2

[Event "Mindsports Open 5th"]
[Site "London"]
[Date "2025.08.16"]
[Round "6.21"]
[White "Antolak, Julia"]
[Black "Bharat Kumar, Balahari"]
[Result "1/2-1/2"]
[WhiteElo "2280"]
[BlackElo "2052"]
[PlyCount "130"]
[EventDate "2025.08.13"]
[EventType "swiss"]
[EventRounds "9"]
[EventCountry "ENG"]
[SourceTitle "BritBase"]
[Source "John Saunders"]
[SourceDate "2025.08.18"]
[SourceVersion "1"]
[SourceVersionDate "2025.08.18"]
[SourceQuality "1"]

1. d4 d5 2. c4 e6 3. Nc3 a6 4. cxd5 exd5 5. Nf3 Nf6 6. Bf4 c5 7. e3 Be6 8. Be2 Nc6 9. O-O c4 10. Ne5 Rc8 11. b3 Bb4 12. Rc1 Ba3 13. Rb1 Qa5 14. Nxc6 Rxc6 15. bxc4 Qxc3 16. Rxb7 Qa5 17. c5 O-O 18. Bd3 h6 19. Bb1 Ne4 20. Rb3 Bxc5 21. dxc5 Nd2 22. Bd6 Rfc8 23. Re1 Nxb3 24. axb3 Qc3 25. h3 Rd8 26. Re2 Rd7 27. Rd2 Rb7 28. Bc2 Rb5 29. e4 d4 30. Rxd4 Bxb3 31. Bxb3 Qxb3 32. Qg4 Qe6 33. Qh4 a5 34. e5 Rbxc5 35. Bxc5 Rxc5 36. f4 Rd5 37. Re4 Rd1+ 38. Kh2 Qb6 39. Qg4 Qg1+ 40. Kg3 Rd3+ 41. Kh4 Qf2+ 42. g3 Qf3 43. Qxf3 Rxf3 44. Ra4 g6 45. Rxa5 Rf1 46. Ra7 Rf2 47. Kg4 Re2 48. h4 h5+ 49. Kf3 Re1 50. Ra3 Kg7 51. Re3 Ra1 52. Ke4 Ra5 53. Rb3 Kg8 54. Rf3 Kg7 55. f5 Ra4+ 56. Kd5 Ra5+ 57. Kd6 Ra6+ 58. Kc7 gxf5 59. Rxf5 Kg6 60. Rg5+ Kh6 61. Kd8 f6 62. exf6 Rxf6 63. Ke7 Rf1 64. Ke6 Rf3 65. Ke5 Ra3 1/2-1/2

[Event "Mindsports Open 5th"]
[Site "London"]
[Date "2025.08.16"]
[Round "6.22"]
[White "Ravi, Krishna G"]
[Black "Bonn, Thomas"]
[Result "1/2-1/2"]
[WhiteElo "2074"]
[BlackElo "2173"]
[PlyCount "56"]
[EventDate "2025.08.13"]
[EventType "swiss"]
[EventRounds "9"]
[EventCountry "ENG"]
[SourceTitle "BritBase"]
[Source "John Saunders"]
[SourceDate "2025.08.18"]
[SourceVersion "1"]
[SourceVersionDate "2025.08.18"]
[SourceQuality "1"]

1. d4 Nf6 2. c4 g6 3. Nc3 d5 4. Qb3 dxc4 5. Qxc4 Be6 6. Qb5+ Bd7 7. Qb3 Bc6 8. Nf3 Bg7 9. Ne5 O-O 10. Nxc6 Nxc6 11. e3 Rb8 12. Be2 e5 13. d5 Ne7 14. e4 c6 15. Be3 cxd5 16. exd5 Qa5 17. O-O-O Rfd8 18. Bg5 Nf5 19. Qb5 Qc7 20. Kb1 Nd4 21. Qd3 h6 22. Bxf6 Bxf6 23. Nb5 Qb6 24. Nxd4 Rxd5 25. Qb3 Rxd4 26. Qxb6 axb6 27. Rxd4 exd4 28. Bc4 Rc8 1/2-1/2

[Event "Mindsports Open 5th"]
[Site "London"]
[Date "2025.08.16"]
[Round "6.23"]
[White "Kapechun, Mikhailo"]
[Black "Carroll, Peter"]
[Result "1-0"]
[WhiteElo "1985"]
[BlackElo "2167"]
[PlyCount "87"]
[EventDate "2025.08.13"]
[EventType "swiss"]
[EventRounds "9"]
[EventCountry "ENG"]
[SourceTitle "BritBase"]
[Source "John Saunders"]
[SourceDate "2025.08.18"]
[SourceVersion "1"]
[SourceVersionDate "2025.08.18"]
[SourceQuality "1"]

1. e4 c5 2. Nf3 Nc6 3. Bb5 g6 4. Bxc6 dxc6 5. h3 Bg7 6. d3 b6 7. O-O Nf6 8. Be3 Nd7 9. Nc3 e5 10. Qd2 Nf8 11. Bh6 Bf6 12. Ng5 Bxg5 13. Bxg5 f6 14. Be3 g5 15. Ne2 Ng6 16. c3 Nf4 17. d4 Ba6 18. Ng3 Bxf1 19. Rxf1 cxd4 20. cxd4 Qd7 21. Rc1 O-O-O 22. a4 exd4 23. Bxf4 gxf4 24. Qxf4 d3 25. Qd2 a5 26. Nf5 Kb7 27. b4 axb4 28. Qxb4 d2 29. Rd1 c5 30. Qb3 Qd3 31. Qf7+ Ka6 32. a5 Qe2 33. Ne3 Qe1+ 34. Kh2 Qxf2 35. Rb1 Qf4+ 36. g3 Qf2+ 37. Ng2 Rd6 38. axb6 Rxb6 39. Qc4+ Kb7 40. Qd5+ Ka7 41. Qd7+ Ka8 42. Rxb6 Qg1+ 43. Kxg1 d1=Q+ 44. Qxd1 1-0

[Event "Mindsports Open 5th"]
[Site "London"]
[Date "2025.08.16"]
[Round "6.24"]
[White "Mesropyan, Hayk"]
[Black "Dasgupta, Avyukt"]
[Result "1-0"]
[WhiteElo "1972"]
[BlackElo "2158"]
[PlyCount "95"]
[EventDate "2025.08.13"]
[EventType "swiss"]
[EventRounds "9"]
[EventCountry "ENG"]
[SourceTitle "BritBase"]
[Source "John Saunders"]
[SourceDate "2025.08.18"]
[SourceVersion "1"]
[SourceVersionDate "2025.08.18"]
[SourceQuality "1"]

1. e4 e6 2. d4 d5 3. Nc3 dxe4 4. Nxe4 Bd7 5. Nf3 Bc6 6. Bd3 Nd7 7. O-O Ngf6 8. Ng3 g6 9. Re1 Bg7 10. c3 O-O 11. h4 Ng4 12. Bg5 Bf6 13. Ne4 Bxe4 14. Bxe4 c6 15. Qd2 Bxg5 16. hxg5 Qc7 17. Bc2 Rae8 18. Ne5 Ngxe5 19. dxe5 Rd8 20. Qf4 Rfe8 21. Rad1 Nf8 22. Rd6 Rd7 23. Red1 Red8 24. b4 a5 25. Qd4 axb4 26. cxb4 Qb8 27. a4 Qc7 28. a5 Qb8 29. g3 Qc7 30. Kg2 Qb8 31. Be4 Qc8 32. Qc5 Qa8 33. Qb6 Rxd6 34. exd6 Nd7 35. Qc7 Qb8 36. b5 cxb5 37. Bxb7 Nc5 38. a6 Nxb7 39. axb7 Kf8 40. Qe7+ Kg8 41. Qxd8+ Qxd8 42. d7 Kg7 43. b8=Q Qxb8 44. d8=Q Qb7+ 45. Kg1 h5 46. gxh6+ Kxh6 47. Qh8+ Kg5 48. Qh4+ 1-0

[Event "Mindsports Open 5th"]
[Site "London"]
[Date "2025.08.16"]
[Round "6.25"]
[White "Hng, Mei-En Emmanuelle"]
[Black "Larchikov, Maksym"]
[Result "1/2-1/2"]
[WhiteElo "2132"]
[BlackElo "2037"]
[PlyCount "48"]
[EventDate "2025.08.13"]
[EventType "swiss"]
[EventRounds "9"]
[EventCountry "ENG"]
[SourceTitle "BritBase"]
[Source "John Saunders"]
[SourceDate "2025.08.18"]
[SourceVersion "1"]
[SourceVersionDate "2025.08.18"]
[SourceQuality "1"]

1. e4 c6 2. d4 d5 3. e5 Bf5 4. h4 h5 5. c4 e6 6. Nc3 dxc4 7. Bxc4 Nd7 8. Nge2 Be7 9. Ng3 Bg6 10. Nce4 Nh6 11. Bg5 Bxe4 12. Nxe4 Nf5 13. Be2 Qb6 14. Be3 Bxh4 15. Nd6+ Nxd6 16. Rxh4 Nf5 17. Rh3 O-O-O 18. Qa4 Qxb2 19. Rd1 Kb8 20. Bc1 Nb6 21. Qa5 Qc2 22. Ra3 Rxd4 23. Bd3 Rxd3 24. Raxd3 Nd5 1/2-1/2

[Event "Mindsports Open 5th"]
[Site "London"]
[Date "2025.08.16"]
[Round "6.26"]
[White "Udovenko, Daniel"]
[Black "Harper, Ryan"]
[Result "1-0"]
[WhiteElo "1870"]
[BlackElo "2131"]
[PlyCount "129"]
[EventDate "2025.08.13"]
[EventType "swiss"]
[EventRounds "9"]
[EventCountry "ENG"]
[SourceTitle "BritBase"]
[Source "John Saunders"]
[SourceDate "2025.08.18"]
[SourceVersion "1"]
[SourceVersionDate "2025.08.18"]
[SourceQuality "1"]

1. d4 d5 2. c4 c6 3. Nf3 Nf6 4. Nc3 dxc4 5. a4 Bf5 6. e3 e6 7. Bxc4 Bb4 8. O-O O-O 9. Qe2 Ne4 10. Nxe4 Bxe4 11. Rd1 Nd7 12. b3 a5 13. Bb2 Qe7 14. Nd2 Bc2 15. Rdc1 Bg6 16. e4 e5 17. dxe5 Nxe5 18. f3 Rfd8 19. Nf1 Bh5 20. Rd1 Qg5 21. Kh1 Bc5 22. Ng3 Bg6 23. Bc3 b6 24. Rf1 Nxc4 25. f4 Qh4 26. Qxc4 Rd6 27. Be1 Qh6 28. Bc3 Qh4 29. Rae1 Qxg3 30. hxg3 Bxe4 31. Qxc5 bxc5 32. Rxe4 Rh6+ 33. Kg1 Rg6 34. Rf3 h5 35. Rc4 Rd8 36. Bxa5 Rd1+ 37. Rf1 Rd3 38. Be1 Rxb3 39. Rxc5 Ra3 40. a5 Re6 41. Rxh5 Re2 42. Bf2 Rc2 43. Bb6 Raa2 44. Rf2 Rc1+ 45. Kh2 Raa1 46. g4 f6 47. Rc5 Rxc5 48. Bxc5 Rxa5 49. Rc2 Kf7 50. Bb6 Ra4 51. g3 Kg6 52. Rxc6 Ra6 53. Rd6 Kh7 54. Bc5 Ra5 55. Bd4 Ra2+ 56. Kh3 Rd2 57. Rd7 Rd1 58. g5 Kg6 59. gxf6 gxf6 60. Kg4 f5+ 61. Kf3 Rb1 62. Rg7+ Kh6 63. Rg5 Rb5 64. Bg7+ Kh7 65. Be5 1-0

[Event "Mindsports Open 5th"]
[Site "London"]
[Date "2025.08.16"]
[Round "6.27"]
[White "Hoffman, Luc"]
[Black "Verbytski, Oleg"]
[Result "1/2-1/2"]
[WhiteElo "2123"]
[BlackElo "2001"]
[PlyCount "63"]
[EventDate "2025.08.13"]
[EventType "swiss"]
[EventRounds "9"]
[EventCountry "ENG"]
[SourceTitle "BritBase"]
[Source "John Saunders"]
[SourceDate "2025.08.18"]
[SourceVersion "1"]
[SourceVersionDate "2025.08.18"]
[SourceQuality "1"]

1. e4 c5 2. Nf3 d6 3. d4 cxd4 4. Nxd4 Nf6 5. Nc3 a6 6. Bg5 e6 7. f4 Nbd7 8. Qf3 Qc7 9. O-O-O b5 10. Bd3 Be7 11. g4 b4 12. Nce2 Bb7 13. h4 Qb6 14. h5 Rc8 15. Kb1 h6 16. Bh4 Nc5 17. Ng3 Na4 18. Nb3 d5 19. Bxf6 Bxf6 20. e5 Be7 21. Ne2 Kd8 22. f5 Rf8 23. Rhf1 Kc7 24. Qf2 Nc5 25. Qf4 Nxb3 26. cxb3 Bg5 27. Qd4 Be3 28. Qxb6+ Kxb6 29. Nf4 Rfe8 30. fxe6 fxe6 31. Bg6 Re7 32. Ne2 1/2-1/2

[Event "Mindsports Open 5th"]
[Site "London"]
[Date "2025.08.16"]
[Round "6.28"]
[White "Kolani, Arjun"]
[Black "Pichugov, Andrey"]
[Result "0-1"]
[WhiteElo "2118"]
[BlackElo "1968"]
[PlyCount "174"]
[EventDate "2025.08.13"]
[EventType "swiss"]
[EventRounds "9"]
[EventCountry "ENG"]
[SourceTitle "BritBase"]
[Source "John Saunders"]
[SourceDate "2025.08.18"]
[SourceVersion "1"]
[SourceVersionDate "2025.08.18"]
[SourceQuality "1"]

1. e4 c5 2. Nf3 Nc6 3. d4 cxd4 4. Nxd4 e5 5. Nb5 d6 6. c4 Be7 7. Be2 Nf6 8. N1c3 a6 9. Na3 O-O 10. Be3 Be6 11. O-O Ne8 12. Nd5 Bg5 13. Bb6 Qd7 14. Nb1 f5 15. Nbc3 Bd8 16. exf5 Bxf5 17. Be3 Kh8 18. Qd2 Ne7 19. Rfd1 Be6 20. f3 Bxd5 21. Nxd5 Nc8 22. Rac1 Qe6 23. c5 Be7 24. c6 bxc6 25. Rxc6 a5 26. Rdc1 Rb8 27. Qxa5 Nf6 28. Bc4 Bd8 29. Qd2 Qd7 30. Bb3 Nxd5 31. Bxd5 Ne7 32. R6c2 Nf5 33. Bf2 Nd4 34. Bxd4 exd4 35. Kh1 Bf6 36. Qd3 Be5 37. Be4 h6 38. b3 Qd8 39. g3 d5 40. Bg6 Qb6 41. f4 Bf6 42. Bh5 Qe6 43. Re2 Qh3 44. Qf3 Rbc8 45. Rce1 Rc3 46. Qxd5 Re3 47. Rxe3 dxe3 48. Qf3 Qc8 49. Qxe3 Qa8+ 50. Bf3 Qxa2 51. Bd5 Rd8 52. f5 Kh7 53. Bf7 Qa8+ 54. Qe4 Qb8 55. b4 Qa8 56. b5 Qxe4+ 57. Rxe4 Rb8 58. Kg2 h5 59. Bg6+ Kh6 60. Be8 Rb6 61. h4 Rd6 62. Rb4 Bd8 63. Bc6 Rd2+ 64. Kf3 Bb6 65. Ra4 Rb2 66. Ra6 Bc7 67. Be8+ Kh7 68. Bg6+ Kh6 69. Ra8 Bb8 70. Be8 Rb3+ 71. Ke4 Rb4+ 72. Kd5 Bxg3 73. Kc5 Rxh4 74. Ra6+ Kh7 75. b6 Rh2 76. b7 Rb2 77. Bb5 h4 78. Rb6 h3 79. f6 h2 80. f7 h1=Q 81. Bd3+ g6 82. f8=Q Qg1+ 83. Kd5 Qxb6 84. Qf7+ Kh6 85. Qf8+ Kg5 86. Qe7+ Qf6 87. Qe3+ Bf4 0-1

[Event "Mindsports Open 5th"]
[Site "London"]
[Date "2025.08.16"]
[Round "6.29"]
[White "Richards, Alexander"]
[Black "Lilliehook, Victor"]
[Result "0-1"]
[WhiteElo "1860"]
[BlackElo "2106"]
[PlyCount "99"]
[EventDate "2025.08.13"]
[EventType "swiss"]
[EventRounds "9"]
[EventCountry "ENG"]
[SourceTitle "BritBase"]
[Source "John Saunders"]
[SourceDate "2025.08.18"]
[SourceVersion "1"]
[SourceVersionDate "2025.08.18"]
[SourceQuality "1"]

1. Nf3 d5 2. d4 e6 3. Bf4 c5 4. c3 Nc6 5. e3 cxd4 6. exd4 Bd6 7. Bxd6 Qxd6 8. Bd3 Nge7 9. Qe2 Bd7 10. Nbd2 f6 11. Nb3 b6 12. Nh4 g6 13. g3 e5 14. dxe5 fxe5 15. Ng2 O-O 16. O-O-O a5 17. f4 a4 18. Nd2 a3 19. b3 Qc5 20. Ne4 dxe4 21. Bc4+ Kh8 22. b4 Nxb4 23. cxb4 Qc7 24. Kb1 Ra4 25. Bb3 Rxb4 26. Rc1 Qb7 27. fxe5 Be6 28. Qd2 Rb5 29. Qe2 Rb4 30. Qd2 Rb5 31. Qe2 Rxe5 32. Bxe6 Rxe6 33. Nf4 Re5 34. Qe3 Rb5+ 35. Ka1 Nf5 36. Qxa3 Qg7+ 37. Qc3 Qxc3+ 38. Rxc3 Re8 39. g4 Nd4 40. Rc4 Nf3 41. Rd1 e3 42. Rc7 Nd2 43. a4 Ra8 44. Rc8+ Rxc8 45. axb5 Rc2 46. Re1 Nc4 47. Re2 Rd2 48. Kb1 g5 49. Ng6+ hxg6 50. Re1 0-1

[Event "Mindsports Open 5th"]
[Site "London"]
[Date "2025.08.16"]
[Round "6.30"]
[White "Li, Harry"]
[Black "Terler, Bohdan"]
[Result "0-1"]
[WhiteElo "2242"]
[BlackElo "1974"]
[PlyCount "106"]
[EventDate "2025.08.13"]
[EventType "swiss"]
[EventRounds "9"]
[EventCountry "ENG"]
[SourceTitle "BritBase"]
[Source "John Saunders"]
[SourceDate "2025.08.18"]
[SourceVersion "1"]
[SourceVersionDate "2025.08.18"]
[SourceQuality "1"]

1. e4 c6 2. d4 d5 3. e5 c5 4. c3 Nc6 5. Be2 cxd4 6. cxd4 Bf5 7. Nf3 e6 8. O-O Bg4 9. Nc3 Nge7 10. Nh4 Bxe2 11. Nxe2 Qd7 12. Re1 h6 13. Bd2 g5 14. Nf3 Ng6 15. h3 Be7 16. Nc1 Qc7 17. Qa4 Qd7 18. Qd1 O-O 19. Nd3 b6 20. b4 a5 21. bxa5 Nxa5 22. h4 g4 23. Nh2 h5 24. g3 Nc4 25. Bh6 Rfe8 26. f3 Kh7 27. Bc1 f5 28. Nf1 Rec8 29. Qe2 Ra4 30. Ne3 Nxe3 31. Qxe3 Qe8 32. Bd2 Qf8 33. fxg4 hxg4 34. Rec1 Rcc4 35. Rxc4 dxc4 36. Nb2 Ra3 37. Qe1 b5 38. Nd1 Qd8 39. Be3 Qd5 40. Qf2 Qe4 41. h5 Nf8 42. Rc1 Bb4 43. Rc2 Rd3 44. Rc1 Nd7 45. Qf4 Rxe3 46. Nxe3 Qxf4 47. gxf4 Bd2 48. Rb1 Bxe3+ 49. Kg2 c3 50. d5 c2 51. Rc1 Bxc1 52. dxe6 Be3 53. e7 c1=Q 0-1

[Event "Mindsports Open 5th"]
[Site "London"]
[Date "2025.08.16"]
[Round "6.31"]
[White "Lochte, Thomas"]
[Black "Sofronie, Vladimir"]
[Result "0-1"]
[WhiteElo "2023"]
[BlackElo "2313"]
[PlyCount "76"]
[EventDate "2025.08.13"]
[EventType "swiss"]
[EventRounds "9"]
[EventCountry "ENG"]
[SourceTitle "BritBase"]
[Source "John Saunders"]
[SourceDate "2025.08.18"]
[SourceVersion "1"]
[SourceVersionDate "2025.08.18"]
[SourceQuality "1"]

1. e4 e5 2. Nf3 Nf6 3. Bc4 Nc6 4. d4 exd4 5. e5 d5 6. Bb5 Ne4 7. Nxd4 Bd7 8. Bxc6 bxc6 9. O-O Bc5 10. f3 Ng5 11. f4 Ne4 12. Nc3 Nxc3 13. bxc3 Bb6 14. a4 a5 15. Ba3 Qh4 16. g3 Qg4 17. f5 Bxf5 18. Rf4 Qxd1+ 19. Rxd1 Bxc2 20. Rc1 Bg6 21. Kf1 Kd7 22. e6+ fxe6 23. Nf3 Be3 24. Ne5+ Kc8 25. Nxg6 hxg6 26. Rf7 Bxc1 27. Bxc1 e5 28. Kg2 Rb8 29. h4 Rg8 30. Re7 Rb3 31. Rxe5 Kd7 32. Kh3 Re8 33. Rg5 Re6 34. h5 Rb1 35. Bf4 Rh1+ 36. Kg4 Rxh5 37. Rxg6 Rxg6+ 38. Kxh5 Re6 0-1

[Event "Mindsports Open 5th"]
[Site "London"]
[Date "2025.08.16"]
[Round "6.32"]
[White "Rahman, K Azizur"]
[Black "Kovacs, Zoltan"]
[Result "0-1"]
[WhiteElo "1921"]
[BlackElo "2086"]
[PlyCount "146"]
[EventDate "2025.08.13"]
[EventType "swiss"]
[EventRounds "9"]
[EventCountry "ENG"]
[SourceTitle "BritBase"]
[Source "John Saunders"]
[SourceDate "2025.08.18"]
[SourceVersion "1"]
[SourceVersionDate "2025.08.18"]
[SourceQuality "1"]

1. c4 e6 2. g3 Nf6 3. Bg2 d5 4. Nc3 d4 5. Ne4 Nxe4 6. Bxe4 c5 7. d3 Nc6 8. Bd2 Bd6 9. e3 dxe3 10. Bxe3 O-O 11. Ne2 e5 12. O-O f5 13. Bd5+ Kh8 14. f4 Qb6 15. Qd2 Bd7 16. a3 a5 17. Rab1 a4 18. Rbd1 Rad8 19. Nc3 Nd4 20. Qg2 Rde8 21. Rde1 exf4 22. Bxf4 Bxf4 23. gxf4 Rxe1 24. Rxe1 Qd6 25. Qf2 b6 26. Ne2 Nc6 27. d4 Re8 28. dxc5 bxc5 29. Kf1 Ne7 30. Nc3 Rb8 31. Re2 Ng6 32. Rd2 Qxf4 33. Qxf4 Nxf4 34. Kf2 g5 35. Kf3 Kg7 36. Kg3 Kf6 37. Bf3 Be8 38. Rd6+ Ke5 39. Rd2 Rb6 40. Rd8 Bh5 41. Rd2 Rb3 42. Bxh5 Nxh5+ 43. Kf2 Nf6 44. Ke2 Ne4 45. Rd5+ Kf4 46. Nxa4 g4 47. Rd3 Rb8 48. Rd7 h5 49. Rh7 Re8 50. Kd1 Rd8+ 51. Kc1 Rd4 52. Nb6 Nd2 53. Rxh5 Nxc4 54. Nxc4 Rxc4+ 55. Kd2 Ke4 56. b3 Rd4+ 57. Kc3 Rd1 58. a4 f4 59. Rg5 Rc1+ 60. Kd2 Rg1 61. Rxc5 Rg2+ 62. Ke1 Rxh2 63. Rc4+ Ke3 64. Rc3+ Ke4 65. Rc4+ Kf5 66. Rc5+ Kg6 67. b4 Ra2 68. Rc3 g3 69. Kf1 Kf5 70. Rc8 f3 71. Rf8+ Ke4 72. Re8+ Kd4 73. Rd8+ Kc4 0-1

[Event "Mindsports Open 5th"]
[Site "London"]
[Date "2025.08.16"]
[Round "6.33"]
[White "Sachdeva, Ronit"]
[Black "Vashisht-Pigem, Raman"]
[Result "1/2-1/2"]
[WhiteElo "2058"]
[BlackElo "1981"]
[PlyCount "63"]
[EventDate "2025.08.13"]
[EventType "swiss"]
[EventRounds "9"]
[EventCountry "ENG"]
[SourceTitle "BritBase"]
[Source "John Saunders"]
[SourceDate "2025.08.18"]
[SourceVersion "1"]
[SourceVersionDate "2025.08.18"]
[SourceQuality "1"]

1. d4 e6 2. Nf3 Nf6 3. c4 b6 4. g3 Bb7 5. Bg2 Bb4+ 6. Nbd2 O-O 7. O-O d5 8. a3 Be7 9. cxd5 exd5 10. b4 Nbd7 11. Nb3 Bd6 12. Bb2 Re8 13. e3 Ne4 14. Qc2 Rc8 15. Rfc1 c5 16. bxc5 bxc5 17. dxc5 Ndxc5 18. Nxc5 Bxc5 19. Qb3 Ba6 20. Bd4 Bc4 21. Qd1 Qe7 22. Bxc5 Nxc5 23. Nd4 Ne4 24. Rc2 Ba6 25. Rxc8 Rxc8 26. Bf1 Bxf1 27. Qxf1 Qf6 28. Qe2 h5 29. Rf1 g6 30. Qb5 Qd6 31. Kg2 a6 32. Qb4 1/2-1/2

[Event "Mindsports Open 5th"]
[Site "London"]
[Date "2025.08.16"]
[Round "6.34"]
[White "Zhou, Yang-Fan"]
[Black "Bin-Suhayl, Ieysaa"]
[Result "1-0"]
[WhiteElo "2406"]
[BlackElo "2217"]
[PlyCount "79"]
[EventDate "2025.08.13"]
[EventType "swiss"]
[EventRounds "9"]
[EventCountry "ENG"]
[SourceTitle "BritBase"]
[Source "John Saunders"]
[SourceDate "2025.08.18"]
[SourceVersion "1"]
[SourceVersionDate "2025.08.18"]
[SourceQuality "1"]

1. e4 e5 2. Nf3 Nc6 3. Bc4 Nf6 4. d3 Bc5 5. c3 d6 6. Bg5 h6 7. Bh4 O-O 8. Nbd2 a5 9. h3 Be6 10. Bb5 Na7 11. Ba4 b5 12. d4 Bb6 13. Bc2 g5 14. Bg3 Nh5 15. Bh2 Nf4 16. Bxf4 exf4 17. Qe2 f6 18. a4 Qd7 19. axb5 Qxb5 20. Qxb5 Nxb5 21. Bd3 c6 22. Bc4 d5 23. exd5 Bxd5 24. Bxd5+ cxd5 25. Ra4 Rfe8+ 26. Kd1 Nd6 27. Re1 h5 28. Rxe8+ Rxe8 29. Ne1 Bc7 30. Nd3 Nf5 31. b4 Nh4 32. bxa5 Nxg2 33. a6 g4 34. hxg4 h4 35. a7 Ra8 36. Nb4 h3 37. Nf1 Bb6 38. Nxd5 Bxa7 39. Nh2 Rd8 40. Ne7+ 1-0

[Event "Mindsports Open 5th"]
[Site "London"]
[Date "2025.08.16"]
[Round "6.35"]
[White "Wastney, Dylan"]
[Black "Hng, Mei-Xian Eunice"]
[Result "0-1"]
[WhiteElo "1981"]
[BlackElo "2052"]
[PlyCount "72"]
[EventDate "2025.08.13"]
[EventType "swiss"]
[EventRounds "9"]
[EventCountry "ENG"]
[SourceTitle "BritBase"]
[Source "John Saunders"]
[SourceDate "2025.08.18"]
[SourceVersion "1"]
[SourceVersionDate "2025.08.18"]
[SourceQuality "1"]

1. e4 d6 2. d4 Nf6 3. Nc3 g6 4. Be3 c6 5. f3 Bg7 6. Qd2 b5 7. Be2 Nbd7 8. Nh3 Nb6 9. Nf2 h5 10. h4 Qc7 11. O-O-O b4 12. Nb1 a5 13. g4 Be6 14. g5 Nfd7 15. b3 Nb8 16. d5 cxd5 17. Bd4 O-O 18. Bxg7 Kxg7 19. Qd4+ Kh7 20. Nd3 Nc6 21. Qe3 dxe4 22. Nf4 Bd7 23. fxe4 Ne5 24. Rhg1 Rac8 25. Rd2 Qc5 26. Qg3 Bg4 27. Bxg4 Nxg4 28. Nd3 Qb5 29. Qf4 Nd7 30. Rgd1 Nde5 31. Kb2 a4 32. Nxe5 Nxe5 33. Rd5 a3+ 34. Kc1 Qe2 35. R1d2 Qe1+ 36. Rd1 Rxc2+ 0-1

[Event "Mindsports Open 5th"]
[Site "London"]
[Date "2025.08.16"]
[Round "6.36"]
[White "Bevis, Noah"]
[Black "Avadhoot, Lokesh Bhakti Brahm"]
[Result "0-1"]
[WhiteElo "1966"]
[BlackElo "2049"]
[PlyCount "76"]
[EventDate "2025.08.13"]
[EventType "swiss"]
[EventRounds "9"]
[EventCountry "ENG"]
[SourceTitle "BritBase"]
[Source "John Saunders"]
[SourceDate "2025.08.18"]
[SourceVersion "1"]
[SourceVersionDate "2025.08.18"]
[SourceQuality "1"]

1. d4 Nf6 2. Bf4 d5 3. e3 c5 4. c3 e6 5. Nd2 Nc6 6. Ngf3 Nh5 7. Bg5 f6 8. Bh4 g6 9. Be2 Be7 10. Bg3 O-O 11. Qc2 a6 12. a4 cxd4 13. Nxd4 Nxg3 14. hxg3 e5 15. Nxc6 bxc6 16. e4 f5 17. exd5 cxd5 18. Nf3 Bf6 19. Rd1 Be6 20. Qd2 Qe7 21. Qe3 e4 22. Nd4 Bd7 23. Ra1 Be5 24. f4 exf3 25. Qxf3 Qd6 26. Kf2 Rae8 27. Rhe1 Bxd4+ 28. cxd4 Re4 29. Qc3 f4 30. Bf3 fxg3+ 31. Kg1 Qf4 32. Qc5 Rf5 33. Rac1 Qh4 34. Rxe4 dxe4 35. Qc4+ Kg7 36. Qc7 Qh2+ 37. Kf1 Rxf3+ 38. Ke1 Qg1+ 0-1

[Event "Mindsports Open 5th"]
[Site "London"]
[Date "2025.08.16"]
[Round "6.37"]
[White "Zadvorny, Roman"]
[Black "Patel, Zain"]
[Result "1/2-1/2"]
[WhiteElo "1931"]
[BlackElo "2048"]
[PlyCount "52"]
[EventDate "2025.08.13"]
[EventType "swiss"]
[EventRounds "9"]
[EventCountry "ENG"]
[SourceTitle "BritBase"]
[Source "John Saunders"]
[SourceDate "2025.08.18"]
[SourceVersion "1"]
[SourceVersionDate "2025.08.18"]
[SourceQuality "1"]

1. e4 e5 2. Nf3 Nc6 3. Bc4 Nf6 4. d3 Bc5 5. Nc3 h6 6. Be3 Bb6 7. a4 O-O 8. Qd2 d6 9. h3 Be6 10. Nd5 Bxd5 11. Bxd5 Nxd5 12. exd5 Ne7 13. c4 Nf5 14. g4 Nxe3 15. fxe3 e4 16. dxe4 Qe7 17. a5 Qxe4 18. Kf2 f5 19. g5 f4 20. axb6 fxe3+ 21. Qxe3 Rxf3+ 22. Qxf3 Rf8 23. Qxf8+ Kxf8 24. bxa7 Qf4+ 25. Ke1 Qe3+ 26. Kd1 Qd3+ 1/2-1/2